Introducción a la política económica / (Registro nro. 8764)
[ vista simple ]
| 000 -LEADER | |
|---|---|
| fixed length control field | 01681nam a2200229Ia 4500 |
| 003 - CONTROL NUMBER IDENTIFIER | |
| control field | OSt |
| 005 - DATE AND TIME OF LATEST TRANSACTION | |
| control field | 20211116163907.0 |
| 008 - FIXED-LENGTH DATA ELEMENTS--GENERAL INFORMATION | |
| fixed length control field | 210310s1953 sp fr 001 0 spa d |
| 040 ## - CATALOGING SOURCE | |
| Original cataloging agency | CO-JMCR |
| Transcribing agency | CO-JMCR |
| 041 0# - LANGUAGE CODE | |
| Language code of text/sound track or separate title | spa |
| 082 04 - DEWEY DECIMAL CLASSIFICATION NUMBER | |
| Classification number | 338.9 / |
| Item number | B842i |
| Edition number | 23 |
| 100 1# - MAIN ENTRY--PERSONAL NAME | |
| Personal name | Bresciani-Turroni, Constantino, |
| 9 (RLIN) | 18221 |
| Relator term | autor |
| 245 10 - TITLE STATEMENT | |
| Title | Introducción a la política económica / |
| Statement of responsibility, etc. | Constantino Bresciani-Turroni ; prólogo de Luis Einaudi ; traducción española de Juan Eugenio Morera |
| 260 ## - PUBLICATION, DISTRIBUTION, ETC. | |
| Place of publication, distribution, etc. | Barcelona : |
| Name of publisher, distributor, etc. | Bosch, |
| Date of publication, distribution, etc. | 1953 |
| 300 ## - PHYSICAL DESCRIPTION | |
| Extent | 407 páginas ; |
| Dimensions | 21 cm. |
| 500 ## - GENERAL NOTE | |
| General note | Incluye índice de autores y notas a pie de página. |
| 505 0# - FORMATTED CONTENTS NOTE | |
| Formatted contents note | Las intervenciones estatales y la ciencia económica -- El concepto de "equilibrio económico" -- Las imperfecciones del mercado -- Los fines y las formas de las intervenciones estatales -- Intervenciones estatales que modifican los "Datos" de la situación económica -- Intervenciones directas en el "mecanismo" del mercado -- La economía socialista -- La economía dirigida -- Los monopolios -- Las crisis económicas y la política de la "coyuntura" -- Las obras públicas como medio de lucha contra la desocupación -- Las relaciones económicas internacionales y el problema de los "grandes espacios económicos" -- El patrón oro y el sistema "Clearing" -- Algunos aspectos recientes de la política monetaria y bancaria -- El Fondo Monetario Internacional -- Wl Banco Internacional de Reconstrucción y Fomento -- La distribución de las rentas individuales |
| 650 14 - SUBJECT ADDED ENTRY--TOPICAL TERM | |
| Topical term or geographic name entry element | Política económica |
| 9 (RLIN) | 18223 |
| 700 1# - ADDED ENTRY--PERSONAL NAME | |
| Personal name | Einaudi, Luis, |
| Relator term | prologuista |
| 9 (RLIN) | 41547 |
| 700 1# - ADDED ENTRY--PERSONAL NAME | |
| Personal name | Morera, Juan Eugenio, |
| Relator term | traductor |
| 9 (RLIN) | 41548 |
| 942 ## - ADDED ENTRY ELEMENTS (KOHA) | |
| Source of classification or shelving scheme | Dewey Decimal Classification |
| Koha item type | Books |
| Withdrawn status | Lost status | Source of classification or shelving scheme | Damaged status | Not for loan | Collection code | Home library | Current library | Date acquired | Source of acquisition | Full call number | Barcode | Date last seen | Copy number | Koha item type |
|---|---|---|---|---|---|---|---|---|---|---|---|---|---|---|
| Dewey Decimal Classification | Non-fiction | Biblioteca Pública José María del Castillo y Rada | Biblioteca Pública José María del Castillo y Rada | 04/15/2018 | Donación | 338.9 / B842i | 430004936 | 05/16/2024 | Ej.1 | Books |